000 01096aam a2200313 i 4500
999 _c45414
_d45414
001 768714001
003 CO-MdFUSB
005 20200507144209.0
007 ta
008 200507t1986 enk |||| |||| 00| 0 eng d
020 _a0946559287
040 _bspa.
_aCO-MdFUSB
_cCO-MdFUSB
_dCO-MdFUSBC
_erda
041 _aeng
082 _223
_a658.3142
_bK473
100 1 _aKiely, Julia
_eautor
245 1 0 _aBy bread alone?
_c/ Julia Kiely
264 1 _aLondres :
_b British Institute of Management,
_c[1986]
264 4 _c© 1986
300 _a69 páginas
_c; 21 cm
336 _atexto
_btxt
_2rdacontent
337 _2rdamedia
_asin mediación
_bn
338 _2rdacarrier
_avolumen
_bnc
505 _aLa vida laboral - Satisfacción en el trabajo - La calidad de la vida - El estrés - Hacer frente al cambio - ¿Feliz en su trabajo? - Teoría en práctica - Una mirada a la vida de cuatro personas - El trabajo, el ocio y la vida familiar - Lecciones que aprender
563 _aRústico
653 _asatisfacción laboral
942 _cBK
945 _aTTF-925